Normal view
MARC view
Entry Corporate Name
001 - CONTROL NUMBER
- control field: 13899
003 - CONTROL NUMBER IDENTIFIER
- control field: NUST
005 - DATE AND TIME OF LATEST TRANSACTION
- control field: 20190320053545.0
008 - FIXED-LENGTH DATA ELEMENTS
- fixed length control field: 190320|| aca||aabn | a|a d
040 ## - CATALOGING SOURCE
- Original cataloging agency: NUST
- Transcribing agency: NUST
110 ## - HEADING--CORPORATE NAME
- Corporate name or jurisdiction name as entry element:
- Title of a work: Dengue
670 ## - SOURCE DATA FOUND
- Source citation: Work cat.: (NUST): Deeba Amraiz-Sup-Dr. Najam us-Sahar-Sadaf Zaidi 13897, Th-PhD-Study of Dengue virus DNA –dependent RNA polymerase protein and antiviral compounds testing, 2017
